|
|
|
|
| LEADER |
01323nam a2200325 a 4500 |
| 001 |
2976565 |
| 008 |
090514s2001 bg ab f000 0 eng d |
| 010 |
|
|
|a 2003306720
|
| 040 |
|
|
|a DLC
|c DLC
|d AGL
|d CUY
|d STF
|d HUH
|
| 082 |
|
|
|2 22
|a 338.1/62/095492
|
| 999 |
|
|
|c 728
|d 728
|
| 999 |
|
|
|c 728
|
| 999 |
|
|
|c 728
|
| 999 |
|
|
|c 728
|
| 999 |
|
|
|c 728
|
| 245 |
0 |
2 |
|a A compendium, packages of technology :
|c compiled and edited by Md. Fazlul Haque [et..al]
|b a handbook for farming systems development /
|
| 246 |
3 |
0 |
|a Packages of technology
|
| 246 |
3 |
0 |
|a Handbook for farming systems development
|
| 250 |
|
|
|a 1st ed.
|
| 260 |
|
|
|a Dhaka :
|b Farming Systems Research and Development Programme :
|b Bangladesh Agricultural Research Council,
|c 2001.
|
| 300 |
|
|
|a x, 187 p. :
|b col. ill., col. maps ;
|c 29 cm.
|
| 541 |
1 |
|
|e 00012481
|
| 650 |
|
0 |
|a Agricultural systems
|z Bangladesh.
|9 1421
|
| 650 |
|
0 |
|a Agriculture
|x Technology transfer
|z Bangladesh.
|9 1422
|
| 700 |
1 |
|
|a Haque, Md. Fazlul.
|9 1423
|
| 700 |
1 |
|
|a
|c Dr.
|9 1424
|
| 710 |
|
|
|9 1426
|
| 852 |
4 |
|
|a <add library>
|j <shelf mark>
|
| 942 |
|
|
|2 ddc
|c BK
|
| 952 |
|
|
|0 0
|1 4
|2 ddc
|4 0
|6 338_162095492000000_COM
|7 0
|9 671
|a BRACUL
|b BRACUL
|c GEN
|d 2009-05-17
|g 0.00
|l 0
|o 338.162095492 COM
|p 3010012481
|r 2009-05-17
|t 1
|w 2009-05-17
|y BK
|x No price found in the accession register.
|